Fruits & Vegetables by color - Difficult - Statistics

General Stats
  • This quiz has been taken 31 times
    23 since last reset
  • The average score is 30 of 55
Answer Stats
Color Vegetable % Correct
Green Apple
93%
Red Apple
93%
Blue/Black/Purple Blueberry
93%
Yellow/Orange Carrot
93%
Green Lettuce
93%
Yellow/Orange Orange
93%
Yellow/Orange Banana
86%
Blue/Black/Purple Blackberry
86%
Green Broccoli
79%
Red Cherry
79%
Green Cucumber
79%
Yellow/Orange Lemon
79%
Green Lime
79%
Yellow/Orange Pineapple
79%
Yellow/Orange Potato
79%
Red Raspberry
79%
Red Strawberry
79%
Red Tomato
79%
Red Grapes
71%
Green Peas
71%
Green Cabbage
64%
Blue/Black/Purple Purple cabbage
64%
Blue/Black/Purple Eggplant
57%
Yellow/Orange Peach
57%
Red Pepper
57%
Yellow/Orange Pepper
57%
Yellow/Orange Pumpkin
57%
Red Watermelon
57%
Green Zucchini
57%
Green Beans
50%
Yellow/Orange Apricot
43%
Green Avocado
43%
Yellow/Orange Corn
43%
Green Kiwi
43%
Yellow/Orange Mango
43%
Blue/Black/Purple Plum
43%
Red Radish
43%
Yellow/Orange Squash
43%
Green Asparagus
36%
Red Beetroot
36%
Yellow/Orange Grapefruit
36%
Green Leek
36%
Yellow/Orange Pear
36%
Green Spinach
36%
Green Artichoke
29%
Green Brussel Sprouts
21%
Red Pomegranate
21%
Yellow/Orange Tangerine
21%
Yellow/Orange Cantaloupe
14%
Blue/Black/Purple Elderberry
14%
Blue/Black/Purple Fig
14%
Yellow/Orange Butternut
7%
Green Endive
7%
Green Grapes
7%
Yellow/Orange Persimmon
7%
No matching quizzes found
Score Distribution
Percent of People with Each Score
Percentile by Number Answered
Your Score History
You have not taken this quiz since the last reset